000 00598nam a22002537a 4500
003 UA-OsUOA
001 22176
007 ta
008 20031217b un ||||| |||| 00| 0 ukr d
100 _aХеррманн Фр.-В.
090 _a111.1
_bХ39
942 _cBK
040 _aUA-OsUOA
_bukr
_cUA-OsUOA
_dUA-OsUOA
245 _aФундаментальная онтология языка
300 _a168 с.
955 _a0
041 _aukr
080 _a111.1
020 _a985-6614-29-5
260 _aМинск
_bЕГУ
_c2001
044 _aUA
650 7 _2UDC
999 _c308391
_d308391